| 000 | 01195nam a22004097a 4500 | ||
|---|---|---|---|
| 001 | BR2022000680 | ||
| 003 | BR-BrBNA | ||
| 005 | 20230928105652.0 | ||
| 007 | ta | ||
| 008 | 230509b bl.||||| |||| 00| 0 por d | ||
| 040 |
_aBR-BrBNA _bpor _cBiblioteca Nacional de Agricultura |
||
| 041 | _a(Por) | ||
| 072 |
_aQ04; L01; J13 _b9410 _b5217 |
||
| 090 | _ 9410 BR2022000680 | ||
| 100 | 1 | _aMesquita, A.J. de | |
| 100 | 1 | _aTanezini, C.A. | |
| 100 | 1 | _aFontes, I.M. | |
| 100 | 1 | _aPontes, I. dos S. | |
| 100 | 1 | _aRocha, J. de M. | |
| 100 | 1 | _aSouza, J.T. de | |
| 100 | 1 | _aD'Alessandro, W.T. | |
| 110 | 1 |
_aUniversidade Federal de Goiás, Goiânia (Brasil) _910787 |
|
| 245 | 1 | _aQualidade físico-química e microbiológica do leite cru bubalino | |
| 260 | 3 |
_aGoiânia, GO (Brasil): _bCEGRAF, _c2001. |
|
| 300 | _a77 p. | ||
| 500 | _aIncludes several bibliographies; 15 illus.; 30 tables | ||
| 650 | _aLEITE | ||
| 650 | _aBÚFALO | ||
| 650 | _aFÊMEA | ||
| 650 | _aQUALIDADE | ||
| 650 | _aANÁLISE DE ALIMENTO | ||
| 650 | _aANÁLISE FÍSICA | ||
| 650 | _aANÁLISE QUÍMICA | ||
| 650 | _aANÁLISE MICROBIOLÓGICA | ||
| 909 |
_a202309 _bLucia _c55 _dLucia Elande |
||
| 942 | _cBK | ||
| 999 |
_c86123 _d86123 |
||